| 000 | 00591nam a2200181Ia 4500 | ||
|---|---|---|---|
| 005 | 20260429112249.0 | ||
| 008 | 260429s9999||||xx |||||||||||||| ||und|| | ||
| 020 | _a9788196726270 | ||
| 041 | _aHindi | ||
| 082 |
_a891.433 _bSAN |
||
| 100 | _aसांकृत्यायन, राहुल | ||
| 245 | 0 |
_aवोल्गा से गंगा / _cराहुल सांकृत्यायन |
|
| 250 | _a1st ed. | ||
| 260 |
_aनई दिल्ली : _bप्रकाशन संस्थान, _c2024. |
||
| 300 | _av, 320 p.; Hb | ||
| 650 | _aFiction | ||
| 942 | _cTB | ||
| 999 |
_c53196 _d53196 |
||